Seek and you won't be fined (Record no. 82218)

MARC details
000 -LEADER
fixed length control field 01041cab a22002415a 4500
001 - CONTROL NUMBER
control field L149589
008 - FIXED-LENGTH DATA ELEMENTS--GENERAL INFORMATION
fixed length control field 100323e20100313xxk 000 0 eng d
035 ## - SYSTEM CONTROL NUMBER
System control number (Sirsi) u149589
041 0# - LANGUAGE CODE
Language code of text/sound track or separate title eng
100 1# - MAIN ENTRY--PERSONAL NAME
Personal name Moffett, Lisa
245 00 - TITLE STATEMENT
Title Seek and you won't be fined
260 ## - PUBLICATION, DISTRIBUTION, ETC.
Date of publication, distribution, etc. 2010
490 ## - SERIES STATEMENT
Series statement Estates Gazette
Volume/sequential designation (1010) 13 March 2010, 112-113(2)
520 ## - SUMMARY, ETC.
Summary, etc. Landlord and Tenant Act 1985 s20 requires residential landlords to consult with tenants when carrying out works to a building where the cost is recovered from the service charge. Sets out the procedure which should be followed and discusses qualifying works and qualifying long-term agreements. Refers to case law and dealing with urgent works.
590 ## - LOCAL NOTE (RLIN)
Local note KA
650 24 - SUBJECT ADDED ENTRY--TOPICAL TERM
Topical term or geographic name entry element LANDLORD AND TENANT ACT 1985 S20
650 24 - SUBJECT ADDED ENTRY--TOPICAL TERM
Topical term or geographic name entry element HERON MAPLE HOUSE LTD V CENTRAL ESTATES LTD
650 24 - SUBJECT ADDED ENTRY--TOPICAL TERM
Topical term or geographic name entry element OAKFERN PROPERTIES LTD V RUDDY
650 24 - SUBJECT ADDED ENTRY--TOPICAL TERM
Topical term or geographic name entry element DAEJAN INVESTMENTS LTD V BENSON
651 #4 - SUBJECT ADDED ENTRY--GEOGRAPHIC NAME
Geographic name ENGLAND AND WALES
690 ## - LOCAL SUBJECT ADDED ENTRY--TOPICAL TERM (OCLC, RLIN)
Topical term or geographic name as entry element PROPERTY-LEASEHOLD PROPERTY-LANDLORD AND TENANT
942 ## - ADDED ENTRY ELEMENTS (KOHA)
Suppress in OPAC 0
Holdings
Withdrawn status Lost status Source of classification or shelving scheme Damaged status Not for loan Home library Current library Shelving location Date acquired Total Checkouts Full call number Barcode Date last seen Copy number Price effective from Koha item type
    Dewey Decimal Classification     London London Journal article 23/03/2010   L149589 149589-1001 06/08/2019 1 06/08/2019 Journal article